000 00810nam a2200241 i 4500
003 IT-RoINE
005 20230417100637.0
008 011010s2000 sp |r 001 0 spa d
020 _a8484321428
040 _aUSA.SABUS
_dUPSA
_dIT-RoINE
_cesslup IT-RoINE
100 1 _aAzaña, Manuel,
_d1880-1940
_93174
245 1 0 _aDiarios completos :
_bMonarquía, República, Guerra Civil /
_cManuel Azaña ; introducción de Santos Juliá.
260 _aBarcelona :
_bCrítica,
_c2000.
300 _aLXIII, 1296 p. ;
_c24 cm.
336 _2rdacontent
_atext
337 _2rdamedia
_aunmediated
338 _2rdacarrier
_avolume
490 1 0 _aSerie mayor
500 _aIncluye índice.
651 4 _96715
_aEspaña
_xHistoria
_y1931-1939 (II República)
_xFuentes
830 0 _aSerie mayor (Crítica)
_96716
942 _cMTS
999 _c3343
_d3343